Correspondance de Montesquieu / (Record no. 143018)

MARC details
000 -LEADER
campo de control de longitud fija 00682nam a2200193 4500
001 - NÚMERO DE CONTROL
campo de control 143018
003 - IDENTIFICADOR DE NÚMERO DE CONTROL
campo de control ES-MaACL
005 - FECHA Y HORA DE LA ÚLTIMA TRANSACCIÓN
campo de control 20251122063128.0
007 - CAMPO FIJO DE DESCRIPCIÓN FÍSICA--INFORMACIÓN GENERAL
campo de control de longitud fija t|
008 - DATOS DE LONGITUD FIJA--INFORMACIÓN GENERAL
campo de control de longitud fija 070214s1914 fr r ||||1| fre d
100 1# - ENTRADA PRINCIPAL--NOMBRE DE PERSONA
Nombre de persona Montesquieu, Charles-Louis de Secondat,
Títulos y otros términos asociados al nombre baron de,
Fechas asociadas al nombre 1689-1755
9 (RLIN) 82608
245 10 - MENCIÓN DEL TÍTULO
Título Correspondance de Montesquieu /
Mención de responsabilidad, etc. Charles-Louis de Secondat Montesquieu ; publiée par François Gebelin ; avec la collaboration de André Morize.
260 ## - PUBLICACIÓN, DISTRIBUCIÓN, ETC.
Lugar de publicación, distribución, etc. Paris :
Nombre del editor, distribuidor, etc. Honore Champion,
Fecha de publicación, distribución, etc. 1914.
300 ## - DESCRIPCIÓN FÍSICA
Extensión 2 v. ;
Dimensiones 24 cm.
700 1# - ENTRADA AGREGADA--NOMBRE PERSONAL
Nombre de persona Gebelin, François.
9 (RLIN) 56182
700 1# - ENTRADA AGREGADA--NOMBRE PERSONAL
Nombre de persona Morize, André.
9 (RLIN) 83588
852 ## - LOCALIZACIÓN
Ubicación ES-MaACL
Número de control de estantería F-5410
Holdings
Estatus retirado Estado de pérdida Estado de daño No para préstamo Biblioteca de origen Biblioteca actual Ubicación en estantería Fecha de adquisición Fuente de adquisición Total de préstamos Signatura topográfica completa Código de barras Visto por última vez Precio de reemplazo Tipo de ítem Koha
        Biblioteca del Ateneo de Madrid Biblioteca del Ateneo de Madrid Depósito 2 17/01/2008     F-5410 1148801 23/02/2023 23/02/2023 Libro impreso